[Event "Paraibano-ch"]
[Site "Joao Pessoa"]
[Date "2009.09.11"]
[Round "6.9"]
[White "Da Paixao, Irineu Vieira"]
[Black "Nogueira, Francisco de Melo"]
[Result "1/2-1/2"]
[WhiteElo "1679"]
[BlackElo "2235"]
[PlyCount "71"]
[EventDate "2009.09.11"]
[EventType "swiss"]
[EventRounds "6"]
[EventCountry "BRA"]
[SourceTitle "EXT 2022"]
[Source "ChessBase"]
[SourceDate "2021.10.06"]
[SourceVersion "1"]
[SourceVersionDate "2021.10.06"]
[SourceQuality "1"]

1. d4 Nf6 2. Nf3 g6 3. e3 Bg7 4. Bd3 0-0 5. 0-0 d6 6. Nbd2 Nbd7 7. e4 e5 8. c3 c6 9. Re1 Ne8 10. Nf1 Qe7 11. Ng3 Nc7 12. Be3 Ne6 13. Bc4 b5 14. Bb3 Nb6 15. h4 Nf4 16. Bxf4 exf4 17. Ne2 Bg4 18. Nxf4 Bh6 19. Nd3 a5 20. e5 d5 21. Qe2 Rfe8 22. g3 Nd7 23. Bd1 c5 24. Qf1 c4 25. Nc1 b4 26. Nh2 Be6 27. Ng4 Bd2 28. Re2 bxc3 29. Rxd2 cxd2 30. Nd3 cxd3 31. Qxd3 Qb4 32. a3 Qe7 33. Qxd2 Bxg4 34. Bxg4 Nxe5 35. dxe5 Qxe5 36. Bf3 1/2-1/2